00412cam a2200157ua 45000010005000000080039000050400009000440820014000531000022000672450050000892500009001392600033001483000020001816530022002016530031002232387110808n ii |||gr||||Z||||||asm cMAIN a341.33026 aGogoi, Purandar., aAntarjatik ain aru kutniticBy Purandar Gogoi a1st. aDibrugarh:bBanalata,c2005. a240 p.:c23 cm. aPolitical science aAntarjatik ain aru kutniti